THE NEW SOCIOLOGY : ESSAYS IN SOCIAL SCIENCE AND SOCIAL THEORY IN HONOR OF C. WRIGHT MILLS /

Guardat en:
Dades bibliogràfiques
Altres autors: Horowitz, Irving Louis (edición) (edición)
Format: Llibre
Matèries:
Etiquetes: Afegir etiqueta
Sense etiquetes, Sigues el primer a etiquetar aquest registre!

MARC

LEADER 00000nam^a2200000^a^4500
001 000242587
005 20250521000000.0
009 20260310105302.371
035 |a 062610 
037 |a Acervo Xavier Clavigero 
082 |a 301. NEW 
245 1 4 |a THE NEW SOCIOLOGY :  |b ESSAYS IN SOCIAL SCIENCE AND SOCIAL THEORY IN HONOR OF C. WRIGHT MILLS /  |c ED. IRVING LOUIS HOROWITZ 
264 |b Oxford University,  |a NEW YORK :  |c 1964 
300 |a 512 p. 
336 |a texto  |b txt  |2 rdacontenido 
337 |a sin mediación  |b n  |2 rdamedio 
338 |a volumen  |b nc  |2 rdasoporte 
649 |a XX 
650 |a SOCIOLOGIA. 
650 |a Ciencias Sociales 
700 |a Horowitz, Irving Louis  |e (edición) 
910 |a Fondo General 
920 |a Impresos - Libros 
930 |a Colección General 
905 |a 101 
901 |a 062610  |b IT1  |c ACC  |i 062610  |u 20250521 
902 |a https://opac.biblio.iteso.mx/vufind/Record/000242587